000 01116nam a2200313 c 4500
003 BLK
005 20180422101146.0
008 180408b bul|||||r ||||||| ||bul||
010 _aKNG00049640000
020 _a954-585-610-6
_bиздат.: Бард
040 _aBLK
041 _aBUL
_cBUL
080 _aАмериканска литература (на САЩ)
_b821.111(73)
_x-312.9
_z821.111(73)-312.9
100 1 _aБънч, Крис
_eпърви автор
_944385
700 1 _aРусинов, Валерий
_eпрев.
_9365206
139 _aБънч, Крис
_bБ 92
245 1 0 _aКралят-демон
_bРоман
_cКрис Бънч; прев. Валерий Русинов.
257 _aUSA
260 София
_bБард
_c2005
300 _a512 с.
_c21 см
380 _aX
490 1 _aАнтерос
500 _aОриг. загл. The Demon King / Chris Bunch. - Офс. изд. Кн. 2 от трилогията Антерос
852 _aЦб 223483
856 4 _qpdf
_u
856 4 _qpdf
_u
942 _cKNG
_n0
944 _aCR
_c25.04.2005
_kГеновева_Генчева
944 _aED
_c25.01.2007
_k
999 _c45840
_d45840